Kartenquiz Großreiche - Statistiken

Allgemein
  • Dieses Quiz wurde 183 mal gespielt
  • Das Durchschnittsergebnis liegt bei 12 aus 28
Antwortstatistiken
Bildquiz Hint Antwort % Korrekt
117 n. Chr. Römisches Reich
98%
1683 Osmanisches Reich, Ottomanisches Reich
77%
1870 Königreich Preußen
75%
1905 Österreichisch-Ungarische Monarchie, Österreich-Ungarn, k. u. k. Doppelmonarchie
75%
1270 / 1309 Mongolisches Reich
69%
1895 Russisches Kaiserreich, Zarenreich
68%
1899 Vereinigte Staaten von Amerika, USA
65%
1930 Niederländisches Kolonialreich
63%
1942 Japanisches Kaiserreich
59%
1815 Portugiesisches Kolonialreich
59%
1700 Schwedisches Reich
57%
500 v. Chr. Achämenidenreich, Perserreich
56%
1050 Heiliges Römisches Reich
54%
1920 Britisches Weltreich, British Empire, Britisches Kolonialreich
46%
220 v. Chr Karthago
37%
1480 / 1650 Polen-Litauen, Königliche Republik der Polnischen Krone und des Großfürstentums Litauen
32%
1520 Aztekenreich
29%
1380 Malireich
27%
1690 Mogulreich
19%
1290 Khmer-Reich
18%
1790 n. Chr. Qing-Dynastie, Mandschu-Dynastie
18%
670 v. Chr. Assyrische Reich
17%
1300 / 1400 Mamluken-Sultanat
10%
0 Partherreich
10%
281 v. Chr. Seleukidenreich
8%
720 Umayyaden-Kalifat
7%
1550 Songhaireich
6%
1872 Aschantireich
2%
Keine übereinstimmenden Quizze gefunden
Verteilung der Resultate
Anzahl Personen mit jedem Resultat
Perzentil nach korrekt beantworteten Fragen
Ihre Resultats-Entwicklung
Sie haben dieses Quiz noch nicht gespielt